00727 a2200205 4500010001400000020002300014035001300037037001600050082000800066090001500074100002000089245005700109260004500166270009200211300002800303500002000331942002300351999001500374952013200389 aENG-88719 a818997307Xc190.00 aEN-72252 bDBAD / PUB14a230 c9205d92051 aSardesai, V. S.1 aGovernance under Sanatana Dharma/cby V. S. Sardesai aNew DelhibReadworthy Publicationsc2008 aA-18, Mohan Garden, Near Nawada Metro StaionbNew Delhie110059minfo@readworthypub.com ax, 118 p.c22 cm. (Pbk) aIncludes index adplcENk230 / SAR c9040d9040 00102ddc40718NFICaDBADbDBADeDBAD/PUBg190.00l0o230 SARpEN-72252r2008-09-15 00:00:00t1u9996v190.00w2008-09-15yEN